000
00312nam a22001217a 4500
020
_a
0-7231-0141-8
082
_a
910 BYG'I
100
_a
BYGOTT, JOHN
_9
77988
245
_a
AN INTRODUCTION TO MAPWORK AND PRACTICAL GEOGRAPHY
260
_a
LONDON
_b
UNIVERSITY TUTORIAL PRESS
_c
1974
300
_a
264P
942
_c
BK
999
_c
583152
_d
583152